Click the Friends Character - Statistics

General Stats
  • This quiz has been taken 56 times
  • The average score is 15 of 20
Answer Stats
Hint Answer % Correct
Is a professor of paleontology at NYU Ross
98%
He doesn't share food Joey
93%
Owns a chick and a duck with Joey Chandler
91%
Left her fiance Barry at the altar Rachel
91%
Begins to move out after he catches Chandler kissing his girlfriend Joey
87%
Was a surrogate for her half-brother and his wife Phoebe
82%
Has an on-and-off relationship with Janice Chandler
78%
Their nickname as a field hockey goalie was "Big Fat Goalie" Monica
78%
Besides Phoebe, the ONLY one to divorce their gay partner Ross
78%
Accidentally agrees to move to Tulsa Chandler
76%
Had to quit being a vegetarian due to her pregnancy cravings Phoebe
73%
Dates a character played by Tom Selleck Monica
71%
Discovers Chandler handcuffed to their boss's chair Rachel
71%
Lost part of their toe when Monica dropped a knife on it Chandler
67%
Bought a sphinx "cat" for $1,000 Rachel
67%
The only one NOT to attend Ross's wedding in London Phoebe
60%
Got their head stuck in a turkey at Thanksgiving Joey
58%
Got their head stuck in a doorway at Thanksgiving Joey
56%
Couldn't tell time until they were 13 Monica
51%
The one good thing in their life was... a sandwich Ross
51%
No matching quizzes found
Score Distribution
Percent of People with Each Score
Percentile by Number Answered
Your Score History
You have not taken this quiz